Statistics for Every Oscar Winning Leading Actor by Picture

Click here to take the quiz!

General Stats

  • This quiz has been taken 83 times
  • The average score is 47 of 85

Answer Stats

Answer% Correct
Leonardo DiCaprio
97%
Will Smith
97%
Anthony Hopkins
93%
Tom Hanks
93%
Al Pacino
92%
Jack Nicholson
92%
Joaquin Phoenix
92%
Nicolas Cage
89%
Rami Malek
89%
Denzel Washington
86%
Matthew McConaughey
86%
Russell Crowe
86%
Jamie Foxx
85%
Sean Penn
85%
Gary Oldman
83%
Brendan Fraser
82%
Ben Kingsley
81%
Jeff Bridges
81%
Kevin Spacey
81%
Adrien Brody
79%
Daniel Day-Lewis
79%
Forest Whitaker
79%
Marlon Brando
79%
Michael Douglas
79%
Eddie Redmayne
78%
Robert De Niro
78%
Philip Seymour Hoffman
74%
Casey Affleck
72%
Dustin Hoffman
71%
Sidney Poitier
69%
Paul Newman
67%
Robert Duvall
67%
Geoffrey Rush
65%
Colin Firth
64%
Humphrey Bogart
64%
John Wayne
63%
Gene Hackman
61%
Jeremy Irons
61%
Jon Voight
58%
James Stewart
57%
Jean Dujardin
54%
Yul Brynner
54%
Gregory Peck
53%
Jack Lemmon
53%
Richard Dreyfuss
51%
Roberto Benigni
50%
Ernest Borgnine
49%
William Hurt
49%
Alec Guinness
47%
Burt Lancaster
46%
Charlton Heston
46%
F. Murray Abraham
46%
David Niven
44%
James Cagney
44%
Spencer Tracy
44%
Lee Marvin
42%
Clark Gable
40%
George C. Scott
40%
Bing Crosby
39%
Henry Fonda
39%
Rex Harrison
39%
Laurence Olivier
38%
Gary Cooper
33%
Art Carney
31%
Charles Laughton
31%
Peter Finch
31%
Ray Milland
31%
Rod Steiger
31%
Maximilian Schell
29%
William Holden
29%
José Ferrer
25%
Lionel Barrymore
25%
Robert Donat
25%
Cliff Robertson
24%
Ronald Colman
24%
Broderick Crawford
22%
Emil Jannings
22%
Fredric March
22%
Paul Scofield
22%
Paul Muni
21%
George Arliss
19%
Paul Lukas
19%
Wallace Beery
19%
Victor McLaglen
18%
Warner Baxter
17%

Score Distribution

Percentile by Number Answered

Percent of People with Each Score

Your Score History

You have not taken this quiz